Gran enciclopedia de España y América

Gardado en:
Detalles Bibliográficos
Autor Principal: Morales Padrón, Francisco (autor)
Formato: Libro
Idioma:Lingua castelá
Publicado: Madrid Espasa-Calpe 1983
Series:Biblioteca del V Centenario
Subjects:
Tags: Engadir etiqueta
Sen Etiquetas, Sexa o primeiro en etiquetar este rexistro!

MARC

LEADER 00000nam a2200000 a 4500
001 UCW0306
003 CL-VaPUC
008 921103e19830000SP |||||||||||||||||spa|d
082 0 4 |a 036  |b MOR  |2 21 
100 |a Morales Padrón, Francisco  |e autor  |9 536537 
245 1 0 |a Gran enciclopedia de España y América 
300 |a v 
942 |c BK 
945 |d 19921103 00:00:00 
260 |a Madrid  |b Espasa-Calpe  |c 1983 
500 |a v.4: El descubrimiento. Siglo XV. Siglo XVI 
650 7 |a HISTORIA 1492-  |2 CL-VaPUC  |9 269436 
650 7 |a DESCUBRIMIENTO Y EXPLORACIONES 1492-  |2 CL-VaPUC  |9 269437 
651 0 |a España  |9 254926 
651 0 |a América  |9 255182 
583 |a last modification  |c 19921103 00:00:00  |k Rodrigo Vera 
490 0 |a Biblioteca del V Centenario 
999 |c 215518  |d 215516 
952 |0 0  |1 0  |4 0  |6 036_000000000000000_MOR_1983  |7 0  |8 F  |9 199858  |a BIBART  |b BIBART  |d 2019-11-14  |h v.4  |i 2671255  |o 036 MOR 1983  |p 2671255  |r 2025-03-13  |w 2019-11-14  |y BK_F  |k ART